Laddar...

China and the WTO : accession,policy reform, and poverty reduction strategies /

Bibliografiska uppgifter
Övriga upphovsmän: Bhattasali, Deepak (Utgivare, redaktör, sammanställare)
Språk:Undetermined
Publicerad: WB , 2004.
Serie:WB in China
Ämnen:
Wto
LEADER 00546nam a2200169Ia 4500
001 154811
008 170722s9999 xx 000 0 und d
245 |a China and the WTO :  |b accession,policy reform, and poverty reduction strategies / 
260 |b WB ,  |c 2004. 
490 |a WB in China 
653 |a China 
653 |a Poverty Reduction 
653 |a Wto 
700 |a Bhattasali, Deepak  |e editor. 
942 |c GEN 
999 |c 173360  |d 173360 
952 |0 0  |1 0  |4 0  |6 WB_IN_CHINA  |7 0  |8 WB  |9 239128  |a LIB  |b LIB  |d 2017-08-12  |o WB in China  |p UN1005  |r 2017-08-12  |w 2017-08-12  |y GEN